Welcome to the Holygrace Academy Library

Please use search bar below to get started

THINGS TO DO PLAY & LEARN (Record no. 1776)

MARC details
000 -LEADER
fixed length control field 00355nam a22001457a 4500
020 ## - INTERNATIONAL STANDARD BOOK NUMBER
ISBN 0-600-60691-0
082 ## - DEWEY DECIMAL CLASSIFICATION NUMBER
Classification number 001
Item number EIN/T
100 ## - MAIN ENTRY--AUTHOR NAME
Personal name EINON, DOROTHY
245 ## - TITLE STATEMENT
Title THINGS TO DO PLAY & LEARN
260 ## - PUBLICATION, DISTRIBUTION, ETC. (IMPRINT)
Place of publication LONDON
Name of publisher HAMLYN
Year of publication 2004
300 ## - PHYSICAL DESCRIPTION
Number of Pages 224
520 ## - SUMMARY, ETC.
Summary, etc 130 FUN ACTIVITIES FOR 2 - 6 YEAR OLDS
650 ## - SUBJECT ADDED ENTRY--TOPICAL TERM
Topical Term CHILD PHSYCOLOGY
Geographic subdivision INDIA
942 ## - ADDED ENTRY ELEMENTS (KOHA)
Koha item type Books
Holdings
Withdrawn status Lost status Collection code Home library Current library Shelving location Date acquired Source of acquisition Full call number Accession Number Koha item type
    Reference Main Library Main Library SHELF 1-B DICTIONARIES& ENCYCLOPEDIAS 08/10/2005 purchase 001 EIN/T 01629 Books